000 00578nam a2200181 i 4500
001 116024
003 ES-MaACL
005 20230906190621.0
007 t|
008 061121s1970 sp r ||||1| spa d
100 1 _aOvidio Nasón, Publio.
_988013
245 1 0 _aMetamorfosis /
_cPublio Ovidio Nason ; introducción, textos y comentarios de Julio Campos, Sch.
260 _aMadrid :
_bInstituto Antonio de Nebrija,
_c1970.
300 _a1 v. ;
_c19 cm.
700 1 _aCampos Ruiz, Julio.
_9140049
710 2 _aInstituto Antonio de Nebrija.
_94795
852 4 _aES-MaACL
_jP-267
999 _c116024
_d116024